O kohútikovi a sliepočke : národnia rozprávka /

Hlavní autor: Mates, Rudolf, 1881-1966
Jazyk: Slovenština
Vydáno: Praha : Dědictví Komenského, 1921
Fyzický popis: 26 s. ; 8°
Knihy
Uloženo v:
LEADER 00641nam a22002052a 4500
001 000757083
003 CZ BrMZK
005 20041222103611.0
007 ta
008 041222s1921 xr er|||||||||||slo d
015 |a cnb000640822 
040 |a BOA001  |b cze 
100 1 |a Mates, Rudolf,  |d 1881-1966  |7 jk01080709  |4 aut  |4 ill 
245 1 0 |a O kohútikovi a sliepočke :  |b národnia rozprávka /  |c Rudolf Mates 
260 |a Praha :  |b Dědictví Komenského,  |c 1921 
300 |a 26 s. ;  |c 8° 
910 |a BOA001  |b PK-II-0002.319 
990 |a BK 
993 |a Y 
996 6 |b BC-182816  |c PK-II-0002.319  |l MZK  |r Sklad / do 1 hodiny  |n 0  |w 000757083  |u 000010  |a 1  |e BOA001  |j MZK50  |s P